000 00670nam a2200241Ia 4500
003 OSt
005 20221007065035.0
006 a|||||r|||| 00| 0
007 ta
008 221006b |||||||| |||| 00| 0 eng d
024 _a22,373
037 _cTextual
040 _aFLL
_cFLL
_beng
041 _2eng
_aeng
082 _aX72:Z2q, P0
100 _aSinghania Vinod K.
245 0 _aDirect taxes law and practice
260 _aDelhi
_bTaxmann Publication Pvt. Ltd. India
_c2000
300 _axxiii,1235p
_ccm.
700 _a Singhania Kapil
942 _hX72:Z2q, P0
_cTEXL
_2CC
999 _c1136141
_d1136141